races de moutons SIA 26 - Statistiques

Statistiques générales
  • Ce quiz a été pris 43 fois
  • Le résultat moyen est 14 sur 42
Statistiques - réponses
Par images Réponse % Correct
lacaune
86%
manech tete noire
57%
manech tete rousse
57%
rava
57%
bizet
43%
charmoise
43%
noire du velay
43%
romanov
43%
suffolk
43%
thones et marthod
43%
avranchin
29%
basco bearnaise
29%
berrichon de l'indre
29%
berrichon du cher
29%
blanche du massif central
29%
bleu du maine
29%
boulonnais
29%
causse du lot
29%
charolais
29%
corse
29%
cotentin
29%
est à laine mérinos
29%
finnoise
29%
grivette
29%
hampshire
29%
ile de france
29%
limousine
29%
mérinos d'arles
29%
merinos rambouillet
29%
mourérous
29%
mouton d'ouessant
29%
préalpes
29%
romane
29%
rouge d'ouest
29%
roussin
29%
solognot
29%
southdown
29%
texel hollandais
29%
vendéen
29%
clun forest
14%
dorset down
14%
tarasconnaise
14%
Aucun quiz correspondant
Distribution des résultats
% des personnes avec chaque résultat
Percentile par nombre de réponses
Votre historique - résultats
Vous n’avez pas pris ce quiz